000 00622nam a2200193Ia 4500
005 20260114185658.0
008 008 260114s9999 xx 000 0 eng d
020 _a9780755625680
037 _aEBOOK
040 _aCRL
_beng
_cCRL
041 _aeng
_2eng
084 _qCRL
100 _aNicholas Papastratigakis
_9873035
245 0 _aRussian Imperialism and Naval Power Military Strategy and the Build-up to the Russo-Japanese War
260 _bBloomsbury
_c2011
856 _uhttps://doi.org/10.5040/9780755625680?locatt=label:secondary_bloomsburyCollections
942 _cEBOOK
999 _c1471983
_d1471983